[Event "SC Kreuzberg IM 2018"]
[Site "Berlin"]
[Date "2018.08.05"]
[Round "1.1"]
[White "Glantz, Robert"]
[Black "Brunello, Marina"]
[Result "0-1"]
[WhiteElo "2336"]
[BlackElo "2280"]
[Annotator "NA"]
[PlyCount "84"]
[EventDate "2018.08.06"]
[EventType "tourn"]
[EventCountry "GER"]
[SourceTitle "playchess.com"]
[Source "ChessBase"]
[SourceQuality "1"]
[TimeControl "40/5400+30:1800+30"]

1. e4 {[%emt 1:30:24]} c5 {[%emt 1:30:20]} 2. Nf3 {[%emt 1:30:46]} d6 {[%emt 1:30:40]} 3. d4 {[%emt 1:31:08]} cxd4 {[%emt 1:31:01]} 4. Nxd4 {[%emt 1:31:31]} Nf6 {[%emt 1:31:24]} 5. Nc3 {[%emt 1:31:52]} a6 {[%emt 1:31:47]} 6. Bg5 {[%emt 1:32:01]} Nbd7 {[%emt 1:31:23]} 7. f4 {[%emt 1:32:09]} Qc7 {[%emt 1:31:32]} 8. Qf3 {[%emt 1:32:19]} h6 {[%emt 1:31:46]} 9. Bxf6 {[%emt 1:32:29]} Nxf6 {[%emt 1:31:59]} 10. f5 {[%emt 1:32:36]} Qc5 {[%emt 1:29:18]} 11. O-O-O {[%emt 1:32:48]} g5 {[%emt 1:29:46]} 12. fxg6 {[%emt 1:32:50]} Bg4 {[%emt 1:30:10]} 13. gxf7+ {[%emt 1:33:12]} Kxf7 {[%emt 1:30:36]} 14. Qd3 {[%emt 1:33:23]} Bxd1 {[%emt 1:31:01]} 15. Nxd1 {[%emt 1:33:45]} Bg7 {[%emt 1:30:57]} 16. g3 {[%emt 1:33:31]} Nxe4 {[%emt 1:30:00]} 17. Qxe4 {[%emt 1:33:50]} Qxd4 {[%emt 1:30:16]} 18. Bc4+ {[%emt 1:32:29]} Ke8 {[%emt 1:28:29]} 19. Qxb7 {[%emt 1:32:16]} Qa7 {[%emt 1:28:44]} 20. Qd5 {[%emt 1:25:20]} Kd8 {[%emt 1:24:28]} 21. Re1 {[%emt 1:03:50]} Rb8 {[%emt 1:17:33]} 22. c3 {[%emt 0:57:02]} Rf8 {[%emt 1:13:13]} 23. Qd3 {[%emt 0:44:46]} a5 {[%emt 1:04:11]} 24. Qh7 {[%emt 0:44:02]} Bf6 {[%emt 1:03:09]} 25. h4 {[%emt 0:36:01]} Rh8 {[%emt 0:58:19]} 26. Qf7 {[%emt 0:33:55]} Qc5 {[%emt 0:52:15]} 27. a4 {[%emt 0:22:21]} Rc8 {[%emt 0:32:53]} 28. Bd5 {[%emt 0:20:04]} Qd4 {[%emt 0:27:56]} 29. Re4 {[%emt 0:13:34]} Qd3 {[%emt 0:28:00]} 30. Re3 {[%emt 0:13:52]} Qh7 {[%emt 0:22:56]} 31. Qe6 {[%emt 0:14:06]} Qg7 {[%emt 0:23:11]} 32. Kb1 {[%emt 0:12:18]} Be5 {[%emt 0:20:55]} 33. Bb7 {[%emt 0:11:55]} Rc7 {[%emt 0:21:07]} 34. Qd5 {[%emt 0:11:06]} Qg6+ {[%emt 0:18:13]} 35. Re4 {[%emt 0:06:08]} Rc5 {[%emt 0:16:49]} 36. Qb3 {[%emt 0:06:19]} Kc7 {[%emt 0:16:44]} 37. h5 {[%emt 0:02:27]} Qxh5 {[%emt 0:12:26]} 38. Ne3 {[%emt 0:02:09]} Rb8 {[%emt 0:09:57]} 39. Nd5+ {[%emt 0:00:35]} Rxd5 {[%emt 0:09:05]} 40. Qxd5 {[%emt 0:00:52]} Rxb7 {[%emt 0:09:22]} 41. Rc4+ {[%emt 0:25:47]} Kb8 {[%emt 0:37:19]} 42. Qxa5 {[%emt 0:20:40]} Qd1+ {[%emt 0:37:17]} 0-1

[Event "SC Kreuzberg IM 2018"]
[Site "Berlin"]
[Date "2018.08.05"]
[Round "1.2"]
[White "Meissner, Felix"]
[Black "Kalinitschew, Sergey"]
[Result "1/2-1/2"]
[WhiteElo "2330"]
[BlackElo "2430"]
[Annotator "TA"]
[PlyCount "69"]
[EventDate "2018.08.06"]
[EventType "tourn"]
[EventCountry "GER"]
[SourceTitle "playchess.com"]
[Source "ChessBase"]
[SourceQuality "1"]

{[%evp 18,69,19,20,9,12,50,36,35,35,35,35,35,38,39,39,52,32,47,38,44,10,26,23,20,12,38,6,10,8,11,0,0,0,12,0,0,0,0,0,0,-11,-13,-18,-8,-14,-8,-10,-8,-6,-1,-1,0,0]} 1. e4 c6 2. d4 d5 3. exd5 cxd5 4. Bd3 Nc6 5. c3 Qc7 6. Na3 {B13: Caro-Kann: Exchange Variation and Panov-Botvinnik Attack} (6. Nd2 Nf6 7. Ngf3 Bg4 8. Nf1 e6 9. Ng3 Nh5 10. O-O Bd6 11. Re1 Nxg3 12. hxg3 Bh5 13. a4 Bg6 {1-0 (42) Aronian,L (2764)-Anand,V (2759) Paris 2018}) 6... a6 7. Nc2 Nf6 8. h3 e5 9. dxe5 Nxe5 10. Nf3 {LiveBook: 3 Games. Strongly threatening Qe2.} Nxd3+ 11. Qxd3 Be7 $146 ({Predecessor:} 11... Be6 12. Bg5 Ne4 13. O-O h6 14. Be3 Bd6 {1-0 (67) Breder,D (2464)-Vatter,H (2270) Germany 2016}) 12. O-O O-O 13. Bg5 {[%cal Bc1g5,Bg5h4,Bh4g3,Bg3e5][%mdl 32]} Be6 14. Ne3 Rad8 15. Rfe1 h6 16. Bh4 Qf4 17. Rad1 Rfe8 18. Bg3 Qe4 19. Qf1 {Nxd5 is the strong threat.} Qa4 20. a3 Qb3 21. Re2 Qb6 22. Be5 Ne4 {The position is equal.} 23. Qe1 f6 24. Bh2 Bc5 25. Nd4 Bf7 {[%cal Be6f7,Bf7g6,Bg6d3][%mdl 32]} 26. Kh1 Kh7 27. f3 Nd6 28. Bg1 Nc4 29. Nxc4 dxc4 30. Rdd2 Bg6 31. Rxe8 Rxe8 32. Re2 Rxe2 33. Qxe2 Bd3 34. Qd2 Qd6 35. b4 {Precision: White = 63%, Black = 70%.} 1/2-1/2

[Event "SC Kreuzberg IM 2018"]
[Site "Berlin"]
[Date "2018.08.05"]
[Round "1.3"]
[White "Berger, Steve"]
[Black "Moritz, Aron"]
[Result "1/2-1/2"]
[WhiteElo "2428"]
[BlackElo "2199"]
[Annotator "NA"]
[PlyCount "96"]
[EventDate "2018.08.06"]
[EventType "tourn"]
[EventCountry "GER"]
[SourceTitle "playchess.com"]
[Source "ChessBase"]
[SourceQuality "1"]
[TimeControl "40/5400+30:1800+30"]

1. e4 {[%emt 1:30:26]} c5 {[%emt 1:30:23]} 2. Nc3 {[%emt 1:30:44]} Nc6 {[%emt 1:30:45]} 3. Nge2 {[%emt 1:30:53]} g6 {[%emt 1:30:16]} 4. h4 {[%emt 1:31:13]} h5 {[%emt 1:29:14]} 5. d4 {[%emt 1:29:07]} cxd4 {[%emt 1:27:05]} 6. Nxd4 {[%emt 1:29:34]} Bg7 {[%emt 1:23:02]} 7. Nb3 {[%emt 1:28:16]} Nf6 {[%emt 1:20:37]} 8. Bg5 {[%emt 1:25:11]} O-O {[%emt 1:17:26]} 9. Be2 {[%emt 1:19:35]} d6 {[%emt 1:12:07]} 10. O-O {[%emt 1:18:08]} a6 {[%emt 1:11:12]} 11. a4 $15 {[%emt 1:16:45]} Be6 {[%emt 1:09:54]} 12. Re1 {[%emt 1:16:19]} Rc8 {[%emt 1:08:13]} 13. Bf1 {[%emt 1:15:10]} Ne5 {[%emt 0:48:57]} 14. Nd5 {[%emt 1:11:21]} Nc4 {[%emt 0:46:38]} 15. Bxc4 {[%emt 1:07:57]} Rxc4 {[%emt 0:47:03]} 16. c3 {[%emt 1:01:19]} Re8 {[%emt 0:44:55]} 17. Nd4 {[%emt 0:50:34]} Bxd5 {[%emt 0:43:11]} 18. exd5 {[%emt 0:47:14]} Rc5 {[%emt 0:39:38]} 19. Qf3 {[%emt 0:41:10]} Qc8 {[%emt 0:37:25]} 20. Bxf6 {[%emt 0:36:51]} Bxf6 {[%emt 0:37:21]} 21. Nb3 {[%emt 0:37:01]} Rc4 {[%emt 0:36:34]} 22. g3 {[%emt 0:37:09]} Qh3 {[%emt 0:30:52]} 23. Nd2 {[%emt 0:33:53]} Rcc8 {[%emt 0:24:51]} 24. Re3 {[%emt 0:33:05]} Kg7 {[%emt 0:23:37]} 25. Ne4 {[%emt 0:29:51]} Qf5 {[%emt 0:23:14]} 26. Qd1 {[%emt 0:26:56]} Red8 {[%emt 0:19:22]} 27. Qd3 {[%emt 0:26:02]} Be5 {[%emt 0:11:24]} 28. Rae1 {[%emt 0:25:30]} Qg4 {[%emt 0:10:18]} 29. Kg2 {[%emt 0:24:58]} Rb8 {[%emt 0:08:40]} 30. b3 {[%emt 0:16:11]} b5 {[%emt 0:08:13]} 31. axb5 {[%emt 0:16:11]} axb5 {[%emt 0:08:07]} 32. R1e2 {[%emt 0:12:55]} Rdc8 {[%emt 0:06:47]} 33. f3 {[%emt 0:11:57]} Qf5 {[%emt 0:06:24]} 34. Ra2 {[%emt 0:11:33]} Rc7 {[%emt 0:06:35]} 35. Ra6 {[%emt 0:08:04]} Rbc8 {[%emt 0:06:26]} 36. Rc6 {[%emt 0:07:57]} Rxc6 {[%emt 0:04:52]} 37. dxc6 {[%emt 0:08:25]} b4 {[%emt 0:04:32]} 38. cxb4 {[%emt 0:06:27]} Rxc6 {[%emt 0:04:55]} 39. b5 {[%emt 0:05:53]} Rb6 {[%emt 0:03:58]} 40. Qc4 {[%emt 0:03:37]} Qd7 {[%emt 0:00:34]} 41. Nc3 {[%emt 0:28:26]} Bxc3 {[%emt 0:26:00]} 42. Qxc3+ {[%emt 0:25:38]} f6 {[%emt 0:26:24]} 43. Qa5 {[%emt 0:25:43]} Rxb5 {[%emt 0:15:06]} 44. Rxe7+ {[%emt 0:26:03]} Qxe7 {[%emt 0:15:33]} 45. Qxb5 {[%emt 0:26:28]} Qe3 {[%emt 0:15:37]} 46. Qd7+ {[%emt 0:22:54]} Kh6 {[%emt 0:15:11]} 47. Qxd6 {[%emt 0:23:13]} Qe2+ {[%emt 0:15:37]} 48. Kg1 {[%emt 0:23:35]} Qe1+ {[%emt 0:16:01]} 1/2-1/2

[Event "SC Kreuzberg IM 2018"]
[Site "Berlin"]
[Date "2018.08.05"]
[Round "1.4"]
[White "Barath, Madhan"]
[Black "Muse, Drazen"]
[Result "0-1"]
[WhiteElo "2307"]
[BlackElo "2361"]
[Annotator "NA"]
[PlyCount "72"]
[EventDate "2018.08.06"]
[EventType "tourn"]
[EventCountry "GER"]
[SourceTitle "playchess.com"]
[Source "ChessBase"]
[SourceQuality "1"]
[TimeControl "40/5400+30:1800+30"]

1. d4 {[%emt 1:30:27]} d6 {[%emt 1:30:13]} 2. e4 {[%emt 1:30:51]} Nf6 {[%emt 1:30:39]} 3. Nc3 {[%emt 1:31:16]} e5 {[%emt 1:31:04]} 4. Nf3 {[%emt 1:31:39]} exd4 {[%emt 1:31:18]} 5. Nxd4 {[%emt 1:31:58]} Be7 {[%emt 1:31:43]} 6. Be2 {[%emt 1:26:35]} O-O {[%emt 1:31:46]} 7. O-O {[%emt 1:25:20]} Re8 {[%emt 1:31:16]} 8. f4 {[%emt 1:23:27]} Bf8 {[%emt 1:31:19]} 9. Bf3 {[%emt 1:23:48]} Na6 {[%emt 1:29:59]} 10. Nb3 {[%emt 1:18:25]} c6 {[%emt 1:26:57]} 11. Kh1 {[%emt 1:09:19]} Nc7 {[%emt 1:25:21]} 12. Re1 {[%emt 0:45:49]} d5 {[%emt 1:15:11]} 13. e5 {[%emt 0:41:59]} Nd7 {[%emt 1:15:35]} 14. Nd4 {[%emt 0:41:05]} Nb6 {[%emt 1:14:18]} 15. a4 {[%emt 0:28:03]} f6 {[%emt 1:14:15]} 16. b3 {[%emt 0:23:16]} fxe5 {[%emt 1:10:24]} 17. fxe5 {[%emt 0:23:41]} Bb4 {[%emt 1:10:33]} 18. Bd2 {[%emt 0:18:10]} Qh4 {[%emt 1:07:12]} 19. Nce2 {[%emt 0:16:45]} Bxd2 {[%emt 1:06:28]} 20. Qxd2 {[%emt 0:17:13]} Rxe5 {[%emt 1:06:34]} 21. Ng3 {[%emt 0:12:22]} Nd7 {[%emt 1:02:27]} 22. Ngf5 {[%emt 0:10:11]} Qf6 {[%emt 1:02:23]} 23. Qf4 {[%emt 0:02:19]} Ne6 {[%emt 0:57:47]} 24. Qg3 {[%emt 0:00:12]} Nxd4 {[%emt 0:57:14]} 25. Nxd4 {[%emt 0:00:04]} Rxe1+ {[%emt 0:54:32]} 26. Qxe1 {[%emt 0:00:24]} Ne5 {[%emt 0:52:07]} 27. Rd1 {[%emt 0:00:05]} Bg4 {[%emt 0:52:06]} 28. Bxg4 {[%emt 0:00:05]} Nxg4 {[%emt 0:52:30]} 29. Nf3 {[%emt 0:00:06]} Qf5 {[%emt 0:50:01]} 30. h3 {[%emt 0:00:06]} Nf6 {[%emt 0:50:22]} 31. Nd4 {[%emt 0:00:12]} Qe4 {[%emt 0:50:09]} 32. Qd2 {[%emt 0:00:18]} Re8 {[%emt 0:49:56]} 33. Qa5 {[%emt 0:00:03]} Qf4 {[%emt 0:46:48]} 34. Qxa7 {[%emt 0:00:05]} Qf2 {[%emt 0:45:24]} 35. Qa5 {[%emt 0:00:05]} Nh5 {[%emt 0:40:53]} 36. Qc7 {[%emt 0:00:04]} Nf4 {[%emt 0:40:44]} 0-1

[Event "SC Kreuzberg IM 2018"]
[Site "Berlin"]
[Date "2018.08.05"]
[Round "1.5"]
[White "Malek, Daniel"]
[Black "Sandu, Mihaela"]
[Result "1-0"]
[WhiteElo "2383"]
[BlackElo "2268"]
[Annotator "NA"]
[PlyCount "59"]
[EventDate "2018.08.06"]
[EventType "tourn"]
[EventCountry "GER"]
[SourceTitle "playchess.com"]
[Source "ChessBase"]
[SourceQuality "1"]
[TimeControl "40/5400+30:1800+30"]

1. c4 {[%emt 1:30:26]} e6 {[%emt 1:30:01]} 2. Nc3 {[%emt 1:30:41]} Nf6 {[%emt 1:29:32]} 3. e4 {[%emt 1:30:53]} c5 {[%emt 1:28:53]} 4. f4 {[%emt 1:28:09]} Nc6 {[%emt 1:28:59]} 5. Nf3 {[%emt 1:28:25]} Be7 {[%emt 1:27:43]} 6. g3 {[%emt 1:23:44]} d5 {[%emt 1:15:30]} 7. e5 {[%emt 1:20:58]} Ng4 {[%emt 1:14:16]} 8. b3 {[%emt 1:06:24]} d4 {[%emt 0:42:23]} 9. Ne4 {[%emt 1:05:33]} d3 {[%emt 0:38:58]} 10. Ba3 {[%emt 0:38:06]} f5 {[%emt 0:26:30]} 11. Nf2 {[%emt 0:36:56]} Nxf2 {[%emt 0:26:30]} 12. Kxf2 {[%emt 0:37:19]} b6 {[%emt 0:22:36]} 13. Qb1 {[%emt 0:31:20]} Bb7 {[%emt 0:22:38]} 14. Qxd3 {[%emt 0:31:26]} g5 {[%emt 0:22:19]} 15. Rg1 {[%emt 0:21:54]} Qxd3 {[%emt 0:17:47]} 16. Bxd3 {[%emt 0:22:17]} Rd8 {[%emt 0:18:07]} 17. Ne1 {[%emt 0:21:03]} Rg8 {[%emt 0:14:18]} 18. Rf1 {[%emt 0:16:23]} gxf4 {[%emt 0:14:14]} 19. gxf4 {[%emt 0:16:47]} Bh4+ {[%emt 0:10:54]} 20. Ke3 {[%emt 0:17:03]} Rg7 {[%emt 0:07:30]} 21. Nf3 {[%emt 0:12:30]} Rgd7 {[%emt 0:07:01]} 22. Be2 {[%emt 0:12:45]} Nd4 {[%emt 0:05:02]} 23. Nxh4 {[%emt 0:12:31]} Nc2+ {[%emt 0:04:15]} 24. Kf2 {[%emt 0:12:53]} Nxa3 {[%emt 0:03:35]} 25. d3 {[%emt 0:12:27]} Nc2 {[%emt 0:04:00]} 26. Rad1 {[%emt 0:12:30]} Nb4 {[%emt 0:04:11]} 27. a3 {[%emt 0:10:34]} Nxd3+ {[%emt 0:02:25]} 28. Ke3 {[%emt 0:10:54]} Be4 {[%emt 0:02:45]} 29. Rg1 {[%emt 0:07:44]} a5 {[%emt 0:02:55]} 30. Rg8+ {[%emt 0:07:53]} 1-0

[Event "SC Kreuzberg IM 2018"]
[Site "Berlin"]
[Date "2018.08.05"]
[Round "2.1"]
[White "Brunello, Marina"]
[Black "Sandu, Mihaela"]
[Result "0-1"]
[WhiteElo "2280"]
[BlackElo "2268"]
[Annotator "NA"]
[PlyCount "78"]
[EventDate "2018.08.06"]
[EventType "tourn"]
[EventCountry "GER"]
[SourceTitle "playchess.com"]
[Source "ChessBase"]
[SourceQuality "1"]
[TimeControl "40/5400+30:1800+30"]

1. e4 c5 2. Nf3 e6 3. d4 cxd4 4. Nxd4 a6 5. Nc3 b5 6. Bd3 Qb6 7. Nf3 Qc7 8. O-O Bb7 9. Re1 Ne7 10. Bxb5 Ng6 11. Bd3 Be7 12. Be3 Nc6 13. Na4 Nce5 14. Nxe5 Nxe5 15. f4 Ng6 16. Qd2 {[%emt 1:00:00]} O-O {[%emt 1:02:20]} 17. b3 {[%emt 0:59:49]} f5 {[%emt 1:01:08]} 18. e5 {[%emt 0:56:24]} Nh4 {[%emt 0:50:27]} 19. Bf1 {[%emt 0:56:21]} g5 {[%emt 0:43:03]} 20. Rad1 {[%emt 0:47:52]} Bc6 {[%emt 0:39:23]} 21. Bb6 {[%emt 0:43:52]} Qc8 {[%emt 0:25:37]} 22. Be3 {[%emt 0:27:29]} gxf4 {[%emt 0:21:22]} 23. Bxf4 {[%emt 0:26:04]} Kh8 {[%emt 0:21:43]} 24. Kh1 {[%emt 0:20:18]} Rg8 {[%emt 0:21:36]} 25. Re2 {[%emt 0:18:16]} Qe8 {[%emt 0:16:32]} 26. Rf2 {[%emt 0:16:41]} Rg4 {[%emt 0:16:08]} 27. h3 {[%emt 0:14:21]} Rg7 {[%emt 0:11:44]} 28. Qe2 {[%emt 0:13:12]} Qg8 {[%emt 0:10:46]} 29. Kh2 {[%emt 0:13:13]} Qb8 {[%emt 0:06:07]} 30. Rd3 {[%emt 0:12:17]} Qb7 {[%emt 0:05:42]} 31. Rg3 {[%emt 0:11:58]} Rxg3 {[%emt 0:05:28]} 32. Bxg3 {[%emt 0:12:23]} Rg8 {[%emt 0:05:17]} 33. Nb2 {[%emt 0:08:58]} Ng6 {[%emt 0:03:51]} 34. Nd3 {[%emt 0:09:17]} Be4 {[%emt 0:03:18]} 35. Qe3 {[%emt 0:06:11]} Qc8 {[%emt 0:02:45]} 36. c4 {[%emt 0:05:36]} Qf8 {[%emt 0:02:02]} 37. Be2 {[%emt 0:00:12]} Qg7 {[%emt 0:02:02]} 38. Bf3 {[%emt 0:00:12]} Bxd3 {[%emt 0:02:10]} 39. Rd2 {[%emt 0:00:16]} f4 {[%emt 0:01:32]} 0-1

[Event "SC Kreuzberg IM 2018"]
[Site "Berlin"]
[Date "2018.08.05"]
[Round "2.2"]
[White "Muse, Drazen"]
[Black "Malek, Daniel"]
[Result "1/2-1/2"]
[WhiteElo "2361"]
[BlackElo "2383"]
[Annotator "NA"]
[PlyCount "119"]
[EventDate "2018.08.06"]
[EventType "tourn"]
[EventCountry "GER"]
[SourceTitle "playchess.com"]
[Source "ChessBase"]
[SourceQuality "1"]
[TimeControl "40/5400+30:1800+30"]

1. Nf3 {[%emt 1:30:43]} Nf6 {[%emt 1:30:43]} 2. e3 {[%emt 1:30:43]} d5 {[%emt 1:30:43]} 3. b3 {[%emt 1:26:21]} Bf5 {[%emt 1:29:10]} 4. Bb2 {[%emt 1:26:41]} e6 {[%emt 1:29:35]} 5. h3 {[%emt 1:25:57]} h6 {[%emt 1:29:30]} 6. Be2 {[%emt 1:24:51]} Be7 {[%emt 1:29:34]} 7. d3 {[%emt 1:25:03]} c5 {[%emt 1:29:26]} 8. Ne5 {[%emt 1:22:48]} Nbd7 {[%emt 1:27:42]} 9. Nxd7 {[%emt 1:22:14]} Qxd7 {[%emt 1:27:57]} 10. Nd2 {[%emt 1:21:57]} Bh7 {[%emt 1:25:42]} 11. a4 {[%emt 1:20:21]} Rd8 {[%emt 1:04:56]} 12. O-O {[%emt 1:15:09]} O-O {[%emt 1:05:12]} 13. f4 {[%emt 1:11:14]} Qc7 {[%emt 0:57:32]} 14. Qe1 {[%emt 1:10:35]} Nd7 {[%emt 0:57:14]} 15. Kh1 {[%emt 0:59:07]} Bf6 {[%emt 0:57:23]} 16. Bxf6 {[%emt 0:59:25]} Nxf6 {[%emt 0:57:48]} 17. Qh4 {[%emt 0:59:32]} Ne8 {[%emt 0:53:20]} 18. g4 {[%emt 0:53:27]} Nd6 {[%emt 0:52:58]} 19. Nf3 {[%emt 0:52:02]} a6 {[%emt 0:44:48]} 20. Rg1 {[%emt 0:49:35]} Rfe8 {[%emt 0:43:59]} 21. g5 {[%emt 0:48:39]} Nf5 {[%emt 0:43:12]} 22. Qf2 {[%emt 0:47:20]} hxg5 {[%emt 0:29:34]} 23. Nxg5 {[%emt 0:47:26]} e5 {[%emt 0:27:03]} 24. Nxh7 {[%emt 0:44:09]} Kxh7 {[%emt 0:27:20]} 25. Rg5 {[%emt 0:44:32]} Nh6 {[%emt 0:26:39]} 26. Rag1 {[%emt 0:41:52]} g6 {[%emt 0:25:27]} 27. f5 {[%emt 0:32:43]} Rd6 {[%emt 0:25:25]} 28. Qg3 {[%emt 0:31:50]} Qc6 {[%emt 0:22:32]} 29. fxg6+ {[%emt 0:24:47]} Rxg6 {[%emt 0:22:29]} 30. Bh5 {[%emt 0:24:42]} Rxg5 {[%emt 0:22:05]} 31. Qxg5 {[%emt 0:25:06]} Rg8 {[%emt 0:21:21]} 32. Qxe5 {[%emt 0:25:31]} Qd7 {[%emt 0:14:10]} 33. Bg4 {[%emt 0:23:48]} Nxg4 {[%emt 0:13:48]} 34. Rxg4 {[%emt 0:23:43]} Rg6 {[%emt 0:14:07]} 35. Rh4+ {[%emt 0:22:46]} Rh6 {[%emt 0:14:27]} 36. Rxh6+ {[%emt 0:22:48]} Kxh6 {[%emt 0:14:48]} 37. Qf6+ {[%emt 0:23:09]} Kh7 {[%emt 0:13:48]} 38. Kg2 {[%emt 0:22:58]} Kg8 {[%emt 0:13:30]} 39. Qg5+ {[%emt 0:23:09]} Kf8 {[%emt 0:13:36]} 40. h4 {[%emt 0:23:20]} c4 {[%emt 0:12:36]} 41. h5 {[%emt 0:21:33]} cxd3 {[%emt 0:28:18]} 42. cxd3 {[%emt 0:51:52]} Qc6 {[%emt 0:27:06]} 43. h6 {[%emt 0:49:53]} d4+ {[%emt 0:24:34]} 44. Kg3 {[%emt 0:49:49]} Qd6+ {[%emt 0:24:16]} 45. Kf3 {[%emt 0:50:00]} dxe3 {[%emt 0:22:32]} 46. h7 {[%emt 0:49:12]} Qc6+ {[%emt 0:21:42]} 47. Kg3 {[%emt 0:49:22]} Qd6+ {[%emt 0:21:51]} 48. Kh3 {[%emt 0:49:30]} Qd7+ {[%emt 0:22:01]} 49. Kh4 {[%emt 0:44:27]} Qd4+ {[%emt 0:21:34]} 50. Kh5 {[%emt 0:44:44]} e2 {[%emt 0:20:23]} 51. Qg3 {[%emt 0:29:26]} Qd5+ {[%emt 0:17:42]} 52. Kh4 {[%emt 0:23:04]} Qh1+ {[%emt 0:13:43]} 53. Kg5 {[%emt 0:23:23]} Kg7 {[%emt 0:13:33]} 54. Qe5+ {[%emt 0:23:15]} Kxh7 {[%emt 0:13:49]} 55. Qxe2 {[%emt 0:23:39]} Qh6+ {[%emt 0:13:14]} 56. Kg4 {[%emt 0:22:49]} Qg6+ {[%emt 0:13:08]} 57. Kf4 {[%emt 0:21:39]} Qd6+ {[%emt 0:11:52]} 58. Kg4 {[%emt 0:21:46]} Qg6+ 59. Kf3 Z0 60. d4 1/2-1/2

[Event "SC Kreuzberg IM 2018"]
[Site "Berlin"]
[Date "2018.08.05"]
[Round "2.3"]
[White "Moritz, Aron"]
[Black "Barath, Madhan"]
[Result "1/2-1/2"]
[WhiteElo "2199"]
[BlackElo "2307"]
[Annotator "NA"]
[PlyCount "63"]
[EventDate "2018.08.06"]
[EventType "tourn"]
[EventCountry "GER"]
[SourceTitle "playchess.com"]
[Source "ChessBase"]
[SourceQuality "1"]
[TimeControl "40/5400+30:1800+30"]

1. e4 {[%emt 1:30:27]} c5 {[%emt 1:30:25]} 2. Nf3 {[%emt 1:32:02]} d6 3. d4 cxd4 4. Nxd4 Nf6 5. Nc3 a6 6. Be3 e5 7. Nb3 Be7 8. Qd2 Be6 {[%emt 1:33:25]} 9. O-O-O {[%emt 1:33:25]} O-O {[%emt 1:33:25]} 10. f4 b5 {[%emt 1:32:19]} 11. f5 Bd7 12. g4 b4 13. Nd5 {[%emt 1:27:19]} Nxd5 {[%emt 1:32:22]} 14. Qxd5 {[%emt 1:19:44]} Bc6 {[%emt 1:32:45]} 15. Qc4 {[%emt 1:18:42]} a5 {[%emt 1:31:50]} 16. Kb1 {[%emt 1:14:36]} a4 {[%emt 1:10:04]} 17. Nc1 {[%emt 1:13:12]} b3 {[%emt 1:08:32]} 18. g5 {[%emt 1:07:50]} Bxg5 {[%emt 0:57:32]} 19. Bxg5 {[%emt 1:05:26]} Qxg5 {[%emt 0:54:26]} 20. Rxd6 {[%emt 1:00:24]} Rc8 {[%emt 0:28:11]} 21. f6 {[%emt 0:51:35]} Nd7 {[%emt 0:24:00]} 22. Bh3 {[%emt 0:39:23]} bxc2+ {[%emt 0:08:05]} 23. Ka1 {[%emt 0:31:44]} a3 {[%emt 0:02:59]} 24. Rxc6 {[%emt 0:31:02]} axb2+ {[%emt 0:02:16]} 25. Kxb2 {[%emt 0:31:27]} Nb6 {[%emt 0:00:12]} 26. Rxc8+ {[%emt 0:00:41]} Rxc8 {[%emt 0:00:41]} 27. Qb4 {[%emt 0:17:03]} Nc4+ {[%emt 0:00:08]} 28. Kxc2 {[%emt 0:15:08]} Na3+ {[%emt 0:00:31]} 29. Kb2 {[%emt 0:12:01]} Nc4+ {[%emt 0:01:00]} 30. Ka1 Qe3 31. Rd1 Qxh3 32. Qxc4 1/2-1/2

[Event "SC Kreuzberg IM 2018"]
[Site "Berlin"]
[Date "2018.08.05"]
[Round "2.4"]
[White "Kalinitschew, Sergey"]
[Black "Berger, Steve"]
[Result "1/2-1/2"]
[WhiteElo "2430"]
[BlackElo "2428"]
[Annotator "TA"]
[PlyCount "40"]
[EventDate "2018.08.06"]
[EventType "tourn"]
[EventCountry "GER"]
[SourceTitle "playchess.com"]
[Source "ChessBase"]
[SourceQuality "1"]

{[%evp 16,40,26,26,19,22,31,21,27,21,37,17,22,16,22,0,3,0,0,0,0,-1,0,0,0,0,0]} 1. e4 e6 2. d4 d5 3. exd5 exd5 4. Nf3 Nf6 5. Bd3 Bd6 6. Qe2+ Be7 {C01: French: Exchange Variation} (6... Be6 7. c4 O-O 8. c5 Be7 9. O-O Bg4 10. h3 Bxf3 11. Qxf3 Nc6 12. Be3 Nb4 13. Bf5 g6 14. a3 {½-½ (109) Andreikin,D (2712)-Wang,H (2709) Huaian 2017}) 7. O-O O-O 8. Re1 Re8 9. Bg5 {[#] LiveBook: 3 Games. Bxf6 is the strong threat.} Be6 10. Nbd2 h6 11. Bh4 Nh5 $146 {[%cal Bf6h5,Bh5f4,Bf4d3][%mdl 32]} ({Predecessor:} 11... Nc6 12. c3 Nh5 13. Bxe7 Qxe7 14. Qd1 {½-½ (28) Jimenez-Pomes Marcet,J (2410) Barbera del Valles 1993}) 12. Bxe7 Rxe7 13. Ne5 Nf4 {The position is equal.} 14. Qf3 Nxd3 15. Qxd3 (15. Nxd3 {looks sharper.} Qd6 16. Re2 Nc6 17. c3 Rae8 18. Rae1) 15... Nd7 16. Qb3 c6 17. Re3 Nxe5 18. Rxe5 Qd6 19. Rae1 Rae8 20. Nf1 f6 1/2-1/2

[Event "SC Kreuzberg IM 2018"]
[Site "Berlin"]
[Date "2018.08.05"]
[Round "2.5"]
[White "Glantz, Robert"]
[Black "Meissner, Felix"]
[Result "0-1"]
[WhiteElo "2336"]
[BlackElo "2330"]
[Annotator "TA"]
[PlyCount "106"]
[EventDate "2018.08.06"]
[EventType "tourn"]
[EventCountry "GER"]
[SourceTitle "playchess.com"]
[Source "ChessBase"]
[SourceQuality "1"]

{[%evp 24,106,-21,-35,-25,-36,-18,-37,10,15,0,0,16,33,33,25,14,18,39,45,34,37,32,47,47,11,84,-5,0,-8,0,0,0,-45,-49,-81,-91,-85,-79,-77,-88,-110,-109,-156,-141,-155,-156,-152,-139,-195,-153,-184,-178,-432,-430,-482,-484,-485,-453,-470,-470,-545,-549,-542,-535,-518,-515,-597,-597,-583,-574,-632,-618,-679,-682,-29969,-29974,-29968,-29969,-29978,-29977,-29980,-29981,-29973,-29960]} 1. d4 Nf6 2. Bf4 c5 3. Nd2 d5 4. c3 Nc6 5. e3 e6 6. Ngf3 Bd6 7. Bg3 O-O 8. Bd3 b6 9. e4 {D02: Damenbauernspiele} Be7 {[%cal Bd6e7,Be7g5,Bg5h6][%mdl 32]} 10. e5 Nh5 11. Ng5 (11. Nf1 cxd4 12. Nxd4 Nxd4 13. cxd4 g6 14. Ne3 f5 15. exf6 Bxf6 16. Be2 Nxg3 17. hxg3 {½-½ (37) Nakamura,H (2787)-Svidler,P (2760) Moscow 2018}) 11... Bxg5 12. Qxh5 g6 13. Qe2 {LiveBook: 20 Partien} cxd4 14. h4 $1 {[%cal Rh4g5]} Bh6 15. h5 g5 16. Nf3 dxc3 17. bxc3 f5 $146 {...Dc7 ist eine echte Drohung.} 18. exf6 $1 Qxf6 19. O-O Bd7 ({Nicht} 19... Qxc3 $2 20. Rac1 $18) 20. Bb5 {Droht stark Lxc6.} Bg7 21. Bxc6 Bxc6 22. Be5 Qe7 $1 23. Bxg7 Kxg7 24. Qe5+ Kh6 (24... Kg8 $11) 25. Nd4 ({Günstiger ist} 25. Rfe1 $16) 25... Bd7 $11 26. Rae1 $132 {[%mdl 2048] Weiss is not keeping still} Rae8 27. Re3 Rf7 28. g4 {zielt auf f4 ab.} Qf6 $1 29. f3 {[#]} Kg7 $1 30. Rfe1 Qxe5 31. Rxe5 h6 32. Kf2 {[%cal Rd4e6]} Rf6 33. R1e3 Kf7 34. Ke2 Rc8 35. Kd2 Rc4 36. Kc2 (36. Ke1 $17) 36... a5 37. a3 {[#]} b5 $1 {[%cal Bb6b5,Bb5b4][%mdl 32]} 38. Kb3 $2 {[#]} (38. Kd3) 38... b4 $1 $19 {[%mdl 512]} 39. axb4 axb4 40. Ne2 bxc3 41. Nxc3 Rcf4 42. Kc2 Rxf3 43. Ne2 Rxe3 44. Rxe3 {[%mdl 4096] Endspiel KTL-KTS} Ke7 45. Nd4 Kd6 46. Nf3 Rf4 47. Ne5 Bb5 48. Kd2 d4 {[%cal Bd5d4,Bd4d3][%mdl 32]} 49. Re1 Rf2+ {Schwarz setzt Matt.} 50. Kc1 d3 51. Re4 Kd5 52. Rb4 Kxe5 53. Rxb5+ Kf4 {Precision: Weiß = 50%, Schwarz = 78%.} 0-1